Normal view
MARC view
Entry Personal Name
001 - CONTROL NUMBER
- control field: 17407
003 - CONTROL NUMBER IDENTIFIER
- control field: BD-RjUL
005 - DATE AND TIME OF LATEST TRANSACTION
- control field: 20251127120640.0
008 - FIXED-LENGTH DATA ELEMENTS
- fixed length control field: 251127|| aca||aabn | a|a d
040 ## - CATALOGING SOURCE
- Original cataloging agency: BD-RjUL
- Transcribing agency: BD-RjUL
100 ## - HEADING--PERSONAL NAME
- Personal name: Greenwood, L. H. G.
- Fuller form of name: (Leonard Hugh Graham)
670 ## - SOURCE DATA FOUND
- Source citation: Work cat.: (BD-RjUL)27775: Cicero, Marcus Tullius. 85258, The Verrine orations /, 1927,1935 [revised and reprinted 1953]